Gated communities good for renewal (Record no. 117614)

MARC details
000 -LEADER
fixed length control field 01218cam a2200253 4500
001 - CONTROL NUMBER
control field WB4025-18
008 - FIXED-LENGTH DATA ELEMENTS--GENERAL INFORMATION
fixed length control field 040630n2004 000 0 eng u
035 ## - SYSTEM CONTROL NUMBER
System control number (Sirsi) u126639
245 ## - TITLE STATEMENT
Title Gated communities good for renewal
260 ## - PUBLICATION, DISTRIBUTION, ETC.
Date of publication, distribution, etc. 2004
490 ## - SERIES STATEMENT
Series statement University of Westminster Press Release
Volume/sequential designation 22 June 2004 (4)
520 ## - SUMMARY, ETC.
Summary, etc. Research by the University of Westminster has found that gated communities can help social inclusion, improve the local environment and assist urban renewal, contrasting with the prevalent view that they increase segregation and increase the gap between the rich and the poor. The paper uses the theory of club goods to understand gating as a response by groups of people to real and perceived issues of crime, vandalism and anti-social behaviour. "Gated communities as club goods: segregation or social cohesion" is available from [email protected]. http://www.wmin.ac.uk/page-2903
590 ## - LOCAL NOTE (RLIN)
Local note WB
590 ## - LOCAL NOTE (RLIN)
Local note WB
650 ## - SUBJECT ADDED ENTRY--TOPICAL TERM
Topical term or geographic name entry element SOCIAL INCLUSION
650 ## - SUBJECT ADDED ENTRY--TOPICAL TERM
Topical term or geographic name entry element URBAN RENEWAL
650 ## - SUBJECT ADDED ENTRY--TOPICAL TERM
Topical term or geographic name entry element GATED COMMUNITIES
650 ## - SUBJECT ADDED ENTRY--TOPICAL TERM
Topical term or geographic name entry element SEGREGATION
650 ## - SUBJECT ADDED ENTRY--TOPICAL TERM
Topical term or geographic name entry element SOCIAL COHESION
650 ## - SUBJECT ADDED ENTRY--TOPICAL TERM
Topical term or geographic name entry element CLUB GOODS
650 ## - SUBJECT ADDED ENTRY--TOPICAL TERM
Topical term or geographic name entry element SOCIAL HOUSING
690 ## - LOCAL SUBJECT ADDED ENTRY--TOPICAL TERM (OCLC, RLIN)
Topical term or geographic name as entry element REGENERATION
942 ## - ADDED ENTRY ELEMENTS (KOHA)
Suppress in OPAC 0
Holdings
Withdrawn status Lost status Source of classification or shelving scheme Damaged status Not for loan Home library Current library Shelving location Date acquired Total Checkouts Full call number Barcode Date last seen Copy number Price effective from Koha item type
    Dewey Decimal Classification     London London News article 30/06/2004   WB4025-18 126639-1001 06/08/2019 1 06/08/2019 News article